000 01983nam0a2200361 4500
001 RU\NLR\BIBL_A\011601063
005 20241102064432.0
010 _a9785906993021
_9170
021 _aRU
_b2017-99851
_97199
035 _a(RuMoRGB)009499678
035 _a(NLR Aleph) 011601063
090 _a10889397
_c10889397
100 _a20180124d2017 k y0rusy50 ca
101 0 _arus
102 _aRU
105 _aab z 100zy
200 1 _aВодные ресурсы: новые вызовы и пути решения
_eВсероссийская научная конференция с международным участием, г. Сочи, 02-07 октября 2017 г.
_eсборник научных трудов
_fФедеральное агентство научных организаций [и др.
_gредакционная группа: д.т.н. М.В. Болгов и др.]
210 _aМосква
_aНовочеркасск
_cЛик
_d2017
215 _a632 с.
_cил., карты
_d29
225 1 _aГод экологии в России
300 _aПосвящ. Году экологии в России и 50-летию Института водных проблем РАН
320 _aБиблиогр. в конце ст.
606 _aВодные ресурсы
_jСъезды, совещания и т.п
_91268369
_3RU\NLR\AUTH\66204017
686 _aУ9(2)45я431(2)
_2rubbk
686 1 _aД220я431(2)
686 1 _aУ45(2)-51я431
702 1 _aБолгов
_bМ. В.
_gМихаил Васильевич
_4340
711 1 2 _a"Водные ресурсы: новые вызовы и пути решения", всероссийская научная конференция с международным участием
_eСочи
_f2017
_9587601
_3RU\NLR\AUTH\880462486
942 _cBOOK
980 _aNBR